EFL Championship Top Scorers - Statistics

General Stats
  • This quiz has been taken 12 times
  • The average score is 7 of 28
Answer Stats
Hint Answer % Correct
2021-22 Aleksandar Mitrovic
82%
2019-20 Aleksandar Mitrovic
82%
2020-21 Ivan Toney
64%
2024-25 Joel Piroe
64%
2022-23 Chuba Akpom
45%
2018-19 Teemu Pukki
45%
2017-18 Matej Vydra
36%
2013-14 Ross McCormack
36%
2015-16 Andre Gray
27%
2016-17 Chris Wood
27%
2012-13 Glenn Murray
27%
2003-04 Andrew Johnson
18%
2012-13 Jordan Rhodes
18%
2009-10 Peter Whittingham
18%
2023-24 Sammie Szmodics
18%
1999-00 Andy Hunt
9%
2014-15 Daryl Murphy
9%
2010-11 Shane Long
9%
2002-03 Svetoslav Todorov
9%
2008-09 Sylvan Ebanks-Blake
9%
2007-08 Sylvan Ebanks-Blake
9%
2006-07 Jamie Cureton
0%
2000-01 Louis Saha
0%
2005-06 Marlon King
0%
2004-05 Nathan Ellington
0%
2009-10 Nicky Maynard
0%
2011-12 Rickie Lambert
0%
2001-02 Shaun Goater
0%
No matching quizzes found
Score Distribution
Percent of People with Each Score
Percentile by Number Answered
Your Score History
You have not taken this quiz